Normal view
MARC view
- T.E.Browder,F.A.Harris,S.Pakvasa
Entry Personal Name
001 - CONTROL NUMBER
- control field: 20586
003 - CONTROL NUMBER IDENTIFIER
- control field: NUST
005 - DATE AND TIME OF LATEST TRANSACTION
- control field: 20190913055358.0
008 - FIXED-LENGTH DATA ELEMENTS
- fixed length control field: 190913|| aca||aabn | a|a d
040 ## - CATALOGING SOURCE
- Original cataloging agency: NUST
- Transcribing agency: NUST
100 ## - HEADING--PERSONAL NAME
- Personal name: T.E.Browder,F.A.Harris,S.Pakvasa
670 ## - SOURCE DATA FOUND
- Source citation: Work cat.: (NUST): T.E.Browder,F.A.Harris,S.Pakvasa, Proceedings Of The Second International Conference On B Physics And CP Violation , 1998
